Manual : (Record no. 183059)
[ view plain ]
| 000 -LEADER | |
|---|---|
| fixed length control field | 00902 a2200181 4500 |
| 003 - CONTROL NUMBER IDENTIFIER | |
| control field | Nust |
| 005 - DATE AND TIME OF LATEST TRANSACTION | |
| control field | 20221220114916.0 |
| 040 ## - CATALOGING SOURCE | |
| Transcribing agency | Nust |
| 082 ## - DEWEY DECIMAL CLASSIFICATION NUMBER | |
| Classification number | 621.384,MAN |
| 100 ## - MAIN ENTRY--PERSONAL NAME | |
| Personal name | International Telecommunication Union |
| 9 (RLIN) | 105193 |
| 245 ## - TITLE STATEMENT | |
| Title | Manual : |
| Remainder of title | for use by the mobile services / |
| 260 ## - PUBLICATION, DISTRIBUTION, ETC. | |
| Place of publication, distribution, etc. | International Telecommunication Union |
| Name of publisher, distributor, etc. | Geneva |
| Date of publication, distribution, etc. | 1961 |
| 300 ## - PHYSICAL DESCRIPTION | |
| Extent | 226 p |
| Other physical details | illus |
| Dimensions | 24 cm |
| 505 ## - FORMATTED CONTENTS NOTE | |
| Formatted contents note | Extracts From the Radio Regulations, Geneva, 1959 (Page-1), Extracts From the Additional Radio Regulations, Geneva, 1959 (Page-179), Passages Taken from the International Telecommunication Convention and Lists of Numbers of Certain Provisions from the Telegraph and Telephone Regulations Likely to be Useful to Operators in the Mobile services (Page-203). |
| 600 ## - SUBJECT ADDED ENTRY--PERSONAL NAME | |
| Personal name | International Telecommunication Union |
| 9 (RLIN) | 105193 |
| 650 ## - SUBJECT ADDED ENTRY--TOPICAL TERM | |
| Topical term or geographic name entry element | Manual ;for use by the mobile services |
| 9 (RLIN) | 105331 |
| 942 ## - ADDED ENTRY ELEMENTS (KOHA) | |
| Source of classification or shelving scheme | |
| Koha item type | Book |
| Withdrawn status | Lost status | Source of classification or shelving scheme | Damaged status | Not for loan | Permanent Location | Current Location | Shelving location | Date acquired | Full call number | Barcode | Date last seen | Price effective from | Koha item type | Public note |
|---|---|---|---|---|---|---|---|---|---|---|---|---|---|---|
| Military College of Signals (MCS) | Military College of Signals (MCS) | General Stacks | 12/12/2016 | 621.384,MAN | MCS956 | 12/08/2016 | 12/12/2016 | Book | Almirah No.38, Shelf No.3 |
